000 00724nam a2200229Ia 4500
008 130821s1972 sp gr spa
040 _aCo-BoUCM
_bspa
041 _aspa
100 1 _aVeyne, Paul
_9156015
245 1 0 _aCómo se escribe la historia ensayo de epistemología
_cPaul Veyne
260 _aMadrid (España)
_bFragua
_c1972
300 _a367 páginas
490 _aColección F
500 _aNotas bibligráficas al pie de página
650 0 4 _aFilosofía de la historia
_915763
650 0 4 _aFilosofía
_975
650 0 4 _aHistoria
_97695
650 0 4 _aMetodología
_919433
651 _aUruguay
_xHistoriografía
_927385
942 _cLIBRO
_a21
_e1
_mV39
_2DEWEY
_h900
999 _c15647
_d15647